00299nam a22001097a 4500020001800000082000800018100002300026245006500049250001200114260004200126300002100168 a9789386668035 a330 aMankiw, N. Gregory aPrinciples of Economics with CourseMate /cN. Gregory Mankiw a7th ed. aNew Delhi :bCengage Learning,c2015. a847 p. ;c25 cm.